000 00361nam a2200145 i 4500
001 bg
100 1 _aBORKOWSKA, Stanisława
245 0 _aSystem motywowania w przedsiębiorstwie /
_cS. Borkowska.
260 _aWarszawa,
_c1985.
040 _cBPK
041 _apol
080 _a658.1/.5:331+159.94
942 _cKS
008 s pl f |000 0 pol
999 _c2635
_d2635
856 _uhttp://koha.tu.koszalin.pl/cgi-bin/koha/opac-detail.pl?biblionumber=2635
_yKatalog online BPK